Statistiques concernant Chansons de Louise Attaque

Cliquez ici pour prendre le quiz!

Statistiques générales

  • Ce quiz a été pris 9 fois
  • Le résultat moyen est 6 sur 66

Statistiques - réponses

HintRéponse% Correct
Louise Attaque9Léa
88%
Louise Attaque3Ton invitation
88%
Louise Attaque5Les Nuits parisiennes
63%
Louise Attaque2J't'emmène au vent
50%
Anomalie1Anomalie
38%
Comme on a dit7Comme on a dit
25%
Louise Attaque10Fatigante
25%
Louise Attaque4La Brune
25%
Louise Attaque6L'Imposture
25%
Louise Attaque7Savoir
25%
Louise Attaque1Amours
13%
Louise Attaque8Arrache-moi
13%
Anomalie5Avec le temps
13%
Anomalie3Chaque jour reste le nôtre
13%
Louise Attaque14Cracher nos souhaits
13%
Anomalie9Du grand banditisme
13%
À plus tard crocodile14La Nuit
13%
Comme on a dit10La Plume
13%
Anomalie8Les Pétales
13%
Anomalie6L'Insouciance
13%
À plus tard crocodile5Si l'on marchait jusqu'à demain
13%
Planète Terre1Sortir de l'ordinaire
13%
Louise Attaque13Toute cette histoire
13%
À plus tard crocodile11À l'envers
0%
Anomalie4À l'intérieur
0%
À plus tard crocodile18Ça m'aurait plu
0%
Comme on a dit4D'amour en amour
0%
À plus tard crocodile10Depuis toujours
0%
Planète Terre4De soi-même
0%
Planète Terre7Dézipper
0%
Comme on a dit13Du nord au sud
0%
À plus tard crocodile16Est-ce que tu m'aimes encore ?
0%
Comme on a dit9Faut se le dire
0%
Anomalie7Il n'y avait que toi
0%
Comme on a dit11Justement
0%
Comme on a dit12La Ballade de basse
0%
Anomalie2La Chute
0%
Planète Terre2La Frousse
0%
À plus tard crocodile1La Traversée du désert
0%
À plus tard crocodile17La Valse
0%
Comme on a dit6L'Intranquilité
0%
Planète Terre11Lumière du jour
0%
Planète Terre10Lumière du soir
0%
À plus tard crocodile12Manhattan
0%
Planète Terre9Mon cher, aujourd'hui ma chère
0%
À plus tard crocodile9Nos sourires
0%
Planète Terre6Nous n'aurons peur de rien
0%
Planète Terre5Nous, on veut vivre nous
0%
À plus tard crocodile15Oui, non, encore ?
0%
À plus tard crocodile8Oui, non, encore
0%
Planète Terre8Pas se voir
0%
Comme on a dit8Pour un oui, pour un non
0%
Comme on a dit1Qu'est ce qui nous tente ?
0%
Planète Terre3Réglages d'origine
0%
À plus tard crocodile2Revolver
0%
À plus tard crocodile6Salomé
0%
Comme on a dit3Sans filet
0%
À plus tard crocodile4Sean Penn, Mitchum
0%
À plus tard crocodile13See You Later Alligator
0%
À plus tard crocodile3Shibuya Station
0%
À plus tard crocodile7Si c'était hier
0%
Louise Attaque11Tes yeux se moquent
0%
Comme on a dit5Tout passe
0%
Comme on a dit2Tu dis rien
0%
Anomalie10Un peu de patience
0%
Louise Attaque12Vous avez l'heure
0%

Distribution des résultats

Percentile par nombre de réponses

% des personnes avec chaque résultat

Votre développement - résultats

Vous n’avez pas pris ce quiz